[Event "Nikaia op 21st"]
[Site "Nikaia"]
[Date "2013.08.26"]
[Round "1"]
[White "Poulopoulos, Ioannis"]
[Black "Papadimitriou, Ioannis"]
[Result "1-0"]
[WhiteElo "2079"]
[BlackElo "1781"]
[PlyCount "91"]
[EventDate "2013.08.26"]
[EventType "swiss"]
[EventRounds "9"]
[EventCountry "GRE"]
[SourceTitle "CBM 156 Extra"]
[Source "ChessBase"]
[SourceDate "2013.10.22"]
[SourceVersion "1"]
[SourceVersionDate "2013.10.22"]
[SourceQuality "1"]

1. e4 e5 2. Nf3 Nc6 3. Nc3 Nf6 4. d4 exd4 5. Nxd4 Bb4 6. Nxc6 bxc6 7. Bd3 d5 8. exd5 cxd5 9. 0-0 0-0 10. h3 c6 11. Qf3 Re8 12. Bf4 Bd6 13. Rfe1 Be6 14. Ne2 Rb8 15. b3 Qc7 16. Rad1 Bxf4 17. Nxf4 Rb4 18. c4 a5 19. Nh5 Nxh5 20. Qxh5 g6 21. Qh6 Rd8 22. Bxg6 hxg6 23. Rd4 Qe7 24. Rh4 Qf6 25. Rxe6 fxe6 26. Rg4 Qa1+ 27. Kh2 Rb7 28. Qxg6+ Rg7 29. Qxe6+ Kh8 30. Rh4+ Rh7 31. Rxh7+ Kxh7 32. Qe7+ Kg6 33. Qxd8 Qe5+ 34. g3 d4 35. Qg8+ Kh6 36. Qf8+ Kg6 37. Qf3 c5 38. Kg2 Qe7 39. Qd3+ Kf6 40. Kf1 Qb7 41. Ke2 Ke5 42. g4 Qe7 43. Qf5+ Kd6+ 44. Kd2 a4 45. bxa4 Qa7 46. Qf6+ 1-0

[Event "Athens Autumn"]
[Site "Athens"]
[Date "2011.11.24"]
[Round "6.3"]
[White "Nakas, Spyridon"]
[Black "Papadimitriou, Ioannis"]
[Result "1-0"]
[WhiteElo "1911"]
[BlackElo "1817"]
[PlyCount "113"]
[EventDate "2011.10.20"]
[EventType "swiss"]
[EventRounds "6"]
[EventCountry "GRE"]
[SourceTitle "EXT 2024"]
[Source "ChessBase"]
[SourceDate "2023.10.10"]
[SourceVersion "1"]
[SourceVersionDate "2023.10.10"]
[SourceQuality "1"]

1. e4 c6 2. d4 d5 3. Nc3 dxe4 4. Nxe4 Bf5 5. Ng3 Bg6 6. h4 h6 7. Nf3 Nd7 8. h5 Bh7 9. Bd3 Bxd3 10. Qxd3 Ngf6 11. Ne4 e6 12. g3 Be7 13. Bf4 Nxe4 14. Qxe4 Qa5+ 15. Bd2 Qa6 16. a3 0-0-0 17. 0-0-0 Nb6 18. Kb1 Nc4 19. Bb4 Qb5 20. Ne5 a5 21. Nxc4 axb4 22. Qd3 bxa3 23. Nxa3 Qxd3 24. Rxd3 Bf6 25. Rhd1 Rd5 26. g4 Rhd8 27. c3 e5 28. Nc4 Kc7 29. Ne3 R5d7 30. d5 e4 31. R3d2 Bg5 32. c4 Bxe3 33. fxe3 cxd5 34. cxd5 Kd6 35. Rf1 Rc8 36. Rf5 f6 37. Rd4 Rc5 38. Rxe4 Rxd5 39. Kc2 Rc7+ 40. Kb3 Rxf5 41. gxf5 Rc5 42. Re6+ Kd7 43. e4 Rc6 44. Rxc6 Kxc6 45. Kc4 b6 46. b3 b5+ 47. Kd4 Kd6 48. b4 Kc6 49. e5 fxe5+ 50. Kxe5 Kd7 51. f6 gxf6+ 52. Kxf6 Kd6 53. Kg6 Ke6 54. Kxh6 Kf6 55. Kh7 Kf7 56. h6 Kf8 57. Kg6 1-0

[Event "Nikaia op 17th"]
[Site "Nikaia"]
[Date "2009.08.23"]
[Round "2"]
[White "Karagiannis, Athanasios"]
[Black "Papadimitriou, Ioannis"]
[Result "1-0"]
[WhiteElo "2328"]
[BlackElo "1850"]
[PlyCount "45"]
[EventDate "2009.08.22"]
[EventType "swiss"]
[EventRounds "9"]
[EventCountry "GRE"]
[SourceTitle "CBM 132 Extra"]
[Source "ChessBase"]
[SourceDate "2009.11.03"]
[SourceVersion "1"]
[SourceVersionDate "2009.11.03"]
[SourceQuality "1"]

1. e4 e5 2. d4 exd4 3. c3 d5 4. exd5 Qxd5 5. cxd4 Nc6 6. Nf3 Bf5 7. Nc3 Bb4 8. Be2 Nf6 9. 0-0 Bxc3 10. bxc3 0-0 11. c4 Qe4 12. d5 Ne5 13. Nd4 Bg6 14. f3 Qh4 15. f4 Ned7 16. Nf3 Qg4 17. Ne5 Qf5 18. g4 Qe4 19. Nxd7 Nxd7 20. f5 Rfe8 21. fxg6 hxg6 22. Rf2 Nc5 23. Ba3 1-0

[Event "Chalkida Tessas op-ch"]
[Site "Chalkida"]
[Date "2008.07.06"]
[Round "5"]
[White "Papadimitriou, Ioannis"]
[Black "Roumbis, Evaggelos"]
[Result "0-1"]
[WhiteElo "1515"]
[BlackElo "1000"]
[PlyCount "96"]
[EventDate "2008.06.21"]
[EventType "swiss"]
[EventRounds "6"]
[EventCountry "GRE"]
[SourceTitle "EXT 2010"]
[Source "ChessBase"]
[SourceDate "2010.11.25"]
[SourceVersion "1"]
[SourceVersionDate "2010.11.25"]
[SourceQuality "1"]

1. e4 d5 2. exd5 Qxd5 3. Nc3 Qd8 4. Bc4 Nf6 5. d4 e6 6. Nf3 Be7 7. Bf4 c6 8. Ne5 Nbd7 9. 0-0 0-0 10. Re1 Nb6 11. Bb3 Nbd5 12. Bg3 Bb4 13. Qf3 Ne7 14. a3 Ba5 15. Nc4 Bc7 16. Bxc7 Qxc7 17. Ne4 Nxe4 18. Qxe4 Ng6 19. Ne5 Nxe5 20. dxe5 b6 21. Rad1 Bb7 22. Rd6 c5 23. Qg4 Rad8 24. Red1 b5 25. c3 c4 26. Bc2 Bd5 27. Qh4 g6 28. Rxd8 Qxd8 29. Qxd8 Rxd8 30. Be4 Kf8 31. Bxd5 Rxd5 32. Rxd5 exd5 33. f4 Ke7 34. Kf2 Ke6 35. g4 g5 36. Ke3 h6 37. h3 gxf4+ 38. Kxf4 a6 39. h4 a5 40. g5 h5 41. g6 fxg6 42. Kg5 Kxe5 43. Kxg6 Kf4 44. Kxh5 Kf5 45. Kh6 b4 46. Kg7 Kg4 47. Kf6 bxa3 48. bxa3 d4 0-1

[Event "Chalkida Tessas op-ch"]
[Site "Chalkida"]
[Date "2008.06.21"]
[Round "1"]
[White "Tsounis, Serafim"]
[Black "Papadimitriou, Ioannis"]
[Result "0-1"]
[WhiteElo "1000"]
[BlackElo "1515"]
[PlyCount "66"]
[EventDate "2008.06.21"]
[EventType "swiss"]
[EventRounds "6"]
[EventCountry "GRE"]
[SourceTitle "EXT 2010"]
[Source "ChessBase"]
[SourceDate "2010.11.25"]
[SourceVersion "1"]
[SourceVersionDate "2010.11.25"]
[SourceQuality "1"]

1. d4 d5 2. Nf3 Nf6 3. c4 c6 4. Nc3 a6 5. cxd5 cxd5 6. e3 e6 7. Bd3 Bd6 8. Bd2 0-0 9. 0-0 Nbd7 10. Re1 e5 11. e4 exd4 12. Nxd4 Nc5 13. Bc2 dxe4 14. Nxe4 Nfxe4 15. Bxe4 Bxh2+ 16. Kxh2 Qh4+ 17. Kg1 Nxe4 18. Qe2 Nxd2 19. Qxd2 Qf6 20. Rac1 Bg4 21. Re4 Bh5 22. Rce1 Rad8 23. Qe3 Bg6 24. Rf4 Qd6 25. Nf5 Bxf5 26. Rxf5 g6 27. Re5 Qd2 28. Re2 Qb4 29. Re4 Rd1+ 30. Kh2 Qd6+ 31. g3 Qd5 32. a3 f5 33. Re7 Rh1# 0-1

[Event "Nikaia op 14th"]
[Site "Nikaia"]
[Date "2006.08.??"]
[Round "1"]
[White "Fessas, Prokopios"]
[Black "Papadimitriou, Ioannis"]
[Result "1-0"]
[WhiteElo "2575"]
[BlackElo "1885"]
[PlyCount "69"]
[EventDate "2006.08.??"]
[EventType "swiss"]
[EventRounds "9"]
[EventCountry "GRE"]
[SourceTitle "EXT 2008"]
[Source "ChessBase"]
[SourceDate "2007.11.25"]
[SourceVersion "1"]
[SourceVersionDate "2007.11.25"]
[SourceQuality "1"]

1. e4 c6 2. d4 d5 3. e5 c5 4. dxc5 Nc6 5. Bb5 e6 6. Be3 Nh6 7. c3 Nf5 8. Bd4 Qc7 9. Nf3 Be7 10. 0-0 0-0 11. Nbd2 b6 12. cxb6 axb6 13. Nb3 Ba6 14. Bxa6 Rxa6 15. a3 Rfa8 16. Rc1 Na5 17. Re1 Nc4 18. Rc2 Qc6 19. Nc1 Ra5 20. Nd3 Qb7 21. g4 Nh4 22. Nxh4 Bxh4 23. Qf3 Qe7 24. Qh3 h5 25. Kh1 hxg4 26. Qxg4 Qg5 27. Qxg5 Bxg5 28. a4 Nd2 29. Bxb6 Rxa4 30. f4 Bh4 31. Rxd2 Bxe1 32. Nxe1 Rxf4 33. Nd3 Rg4 34. h3 Rh4 35. Kg2 1-0